Banking system of Pakistan, (Record no. 58968)

MARC details
000 -LEADER
fixed length control field 00639cam a22002291 4500
001 - CONTROL NUMBER
control field sa 64005146
003 - CONTROL NUMBER IDENTIFIER
control field DLC
005 - DATE AND TIME OF LATEST TRANSACTION
control field 20260227112030.0
008 - FIXED-LENGTH DATA ELEMENTS--GENERAL INFORMATION
fixed length control field 840919s1964 pk 000 0 eng
010 ## - LIBRARY OF CONGRESS CONTROL NUMBER
LC control number sa 64005146
025 ## - OVERSEAS ACQUISITION NUMBER
Overseas acquisition number Pl480 : P-E-489
035 ## - SYSTEM CONTROL NUMBER
System control number (OCoLC)11172558
040 ## - CATALOGING SOURCE
Original cataloging agency DLC
Transcribing agency CoDU
Modifying agency DLC
042 ## - AUTHENTICATION CODE
Authentication code premarc
050 00 - LIBRARY OF CONGRESS CALL NUMBER
Classification number HG3290.5
Item number .M43
100 1# - MAIN ENTRY--PERSONAL NAME
Personal name Meenai, S. A.
Fuller form of name (Saeed Ahmed),
Dates associated with a name 1924-
245 10 - TITLE STATEMENT
Title Banking system of Pakistan,
Statement of responsibility, etc. by S. A. Meenai.
260 ## - PUBLICATION, DISTRIBUTION, ETC.
Place of publication, distribution, etc. [Karachi?
Date of publication, distribution, etc. 1964]
300 ## - PHYSICAL DESCRIPTION
Extent iii, 147 p.
Other physical details illus.
Dimensions 22 cm.
504 ## - BIBLIOGRAPHY, ETC. NOTE
Bibliography, etc. note Bibliography : p. [146]-147.
650 #0 - SUBJECT ADDED ENTRY--TOPICAL TERM
Topical term or geographic name entry element Banks and banking
Geographic subdivision Pakistan.

No items available.

Powered by Koha